Statistics for Events of 2023 - Click Quiz

Click here to take the quiz!

General Stats

  • This quiz has been taken 6 times
  • The average score is 6 of 25

Answer Stats

HintAnswer% Correct
Smoke from Canadian wildfires cause New York City to have the worst air quality in the worldJune
67%
The Titan submersible implodes whilst visiting the TitanicJune
67%
US surgeons announce the world's first full eye transplantNovember
67%
Finland joins NATO, doubling the alliance's border with RussiaApril
33%
Yevgeny Prigozhin, anti-Putin rebellion leader dies in a plane crash in RussiaAugust
33%
Manchester City win the 2023 FIFA World Club Cup in Saudi ArabiaDecember
33%
The Barbie and Oppenheimer films are releasedJuly
33%
Thousands of tourists flee Rhodes in Greece following wildfiresJuly
33%
The Screen Actors Guild begin a strike protesting against generative AIJuly
33%
The International Criminal Court issues an arrest warrant for Vladimir PutinMarch
33%
Silicon Valley Bank collapsesMarch
33%
The World Health Organisation ends the global health emergency status of COVID-19May
33%
The Eurovision Song Contest takes place in Liverpool instead of UkraineMay
33%
The Beatles release their last ever song, "Now and Then", with restored vocals from John LennonNovember
33%
Microsoft acquires Activision following approval from authoritiesOctober
33%
The Israel-Hamas War begins when Hamas invades Israel from the Gaza StripOctober
33%
SpaceX's Starship rocket explodes 4 minutes after lift off in TexasApril
0%
Hawaiian wildfires cause at least 100 deaths on the island of MauiAugust
0%
Several shipping companies announce a suspension of activities in the Red Sea following Houthi attacksDecember
0%
Alleged Chinese spy balloons are spotted in US airspaceFebruary
0%
The funeral of Pope Benedict XVIJanuary
0%
Chris Hipkins becomes Prime Minister of New ZealandJanuary
0%
The coronation occurs of King Charles III and Queen Camilla at Westminster Abbey in LondonMay
0%
Hurricane Otis makes landfall in Mexico becoming the the countries most powerful hurricane everOctober
0%
Rupert Murdoch announces his retirement and passes his businesses to his sonSeptember
0%

Score Distribution

Percentile by Number Answered

Percent of People with Each Score

Your Score History

You have not taken this quiz